Applications of graph spectra /

Guardado en:
Otros Autores: Cvetkovic, Dragos M. (Editor ), Gutman, Ivan, 1947- (Editor )
Formato: Libro
Idioma:English
Publicado: Beograd : Matematicki institut SANU, 2009.
Series:Zbornik radova (Matematicki institut SANU) ; 13 (21)
Acceso en línea:Texto completo en PDF
Etiquetas: Agregar Etiqueta
Sin Etiquetas, Sea el primero en etiquetar este registro!
LEADER 01256nam a22002175a 4500
001 MAT.inmabb006163
008 091111s2009####yu#a#####b####001#0#eng#d
005 20130304164301.0
245 1 0 |a Applications of graph spectra /  |c editors: Dragos Cvetkovic and Ivan Gutman. 
260 |a Beograd :  |b Matematicki institut SANU,  |c 2009. 
300 |a 140 p. :  |b il. ;  |c 24 cm. 
490 1 |a Zbornik radova ;  |v 13 (21) 
504 |a Incluye referencias bibliográficas e índices. 
505 0 0 |t Applications of graph spectra : an introduction to the literature /  |r Dragos Cvetkovic --  |t Multiprocessor interconnection networks /  |r Dragos Cvetkovic and Tatjana Davidovic --  |t Selected topics from the theory of graph energy: hypoenergetic graphs /  |r Snjezana Majstorovic, Antoaneta Klobucar and Ivan Gutman. --  |t Nullity of graphs /  |r Bojana Borovicanin and Ivan Gutman --  |t The Estrada index /  |r Hanyuan Deng, Slavko Radenkovic and Ivan Gutman. 
020 |a 9788680593418 
700 1 |a Cvetkovic, Dragos M.  |4 edt 
700 1 |a Gutman, Ivan,  |d 1947-  |4 edt 
830 0 |a Zbornik radova (Matematicki institut SANU) ;  |v 13 (21) 
084 |a 05C50 (05C90 92E10)  |2 msc2000 
856 |u http://www.mi.sanu.ac.rs/projects/ZbR13.pdf  |y Texto completo en PDF 
859 |h 05  |i C993a  |p A-8592  |b BIB. MATEMATICA